000 00898nam a2200229Ia 4500
999 _c56344
_d56344
001 23457
003 GE_BSU
005 20260123174600.0
008 181216s1963||||ge |||||||||||||| ||geo||
040 _cGE_BSU
041 _ageo
080 _a94(470)"18 ს-96
100 _aსურგულაძე, ა.
_926727
245 _aრუსეთი XIX საუკუნის პირველ ნახევარში /
_cა. სურგულაძე.
264 _aთბილისი :
_bსაქ. კპ. ცკ-ს გამ-ბა,
_c1963.
300 _a774გვ. ;
_c 21სმ.
504 _aბიბლიოგრ. შენიშვნებში
541 _h10 ლ.
653 _aრუსეთი XIX საუკუნის პირველ ნახევარში
653 _aრუსეთის ისტორია, XIX ს.
942 _cBK
_2udc